00754nam a2200205 a 450000100100000000500170001000800410002702000150006804000250008308200160010810000410012424501110016525000110027626000440028730000310033170000400036204900090040295201200041199900170053100002308920200930022000.0101126s1999 sp c r 000 0 spa d a9592590397 aDO-SdBNPbspacBNPHU axxxxbA454c1 aAlonso Hernández, carmen R.94753710aCien preguntas y respuestas sobre Cuba /ccarmen R. Alfonso Hernández ; edición Fermín Romero Alfau. a8a ed. aMadrid :bPablo de la Torriente,c1999. a139 p. :bretrs. ;c21 cm.1 aRomero Alfau, Fermín,eed.933134 aBNGR 001054708MOaGRbGRcCTd2010-11-26iLF1l0oxxxx A454cp23089-10r2020-06-25w2020-06-25y4ZPréstamo en sala c22586d22586